Sledovanie zmeny profilu obrobku po bezhrotovom brúsení

Salvato in:
Dettagli Bibliografici
Autore principale: Porubský, Peter, 1969- (Autore)
Altri autori: Malík, Andrej, 1984- (Relatore della tesi)
Natura: Manoscritto Libro
Lingua:slovacco
Pubblicazione: Trnava : STU v Bratislave MTF UVTE KOM, 2010
Soggetti:
Accesso online:VAIS
Tags: Aggiungi Tag
Nessun Tag, puoi essere il primo ad aggiungerne!!

MARC

LEADER 00000ntm a22000003a 4500
001 stu217818
005 20160719160350.7
008 101130s2010----xo------------------slo-d
040 |a STU  |b slo 
041 0 |a slo 
044 |a xo 
100 1 |a Porubský, Peter,  |d 1969-  |4 aut  |X 38208  |7 A000038208 
242 0 0 |a Tracking changes in the profile of the workpiece after centerless grinding.  |y eng 
245 1 |a Sledovanie zmeny profilu obrobku po bezhrotovom brúsení 
260 |a Trnava :  |b STU v Bratislave MTF UVTE KOM,  |c 2010 
650 7 |a výrobné technológie  |2 stusub 
650 7 |a Manufacturing Technologies  |2 estusub 
650 7 |a frekvenčná analýza  |2 stusub 
650 7 |a kruhovitosť  |2 stusub 
700 1 |a Malík, Andrej,  |d 1984-  |4 ths  |u M3000  |U MTF Materiálovotechnologická fakulta  |T MTF Ústav výrobných technológií  |X 28458  |U M3000  |Y 83  |7 A000028458 
856 4 |a info a plný text  |u http://is.stuba.sk/zp/portal_zp.pl?podrobnosti=27292  |3 VAIS 
996 |c M*BP-5027  |l MMSKP  |s P  |a 0  |w stu217818_0001